<?xml version="1.0" encoding="UTF-8"?>
<collection xmlns="http://www.loc.gov/MARC21/slim">
 <record>
  <leader>04505cam a2200841 c 4500</leader>
  <controlfield tag="001">1814146520</controlfield>
  <controlfield tag="003">DE-627</controlfield>
  <controlfield tag="005">20250310095915.0</controlfield>
  <controlfield tag="007">tu</controlfield>
  <controlfield tag="008">220810s2023    gw |||||      00| ||ger c</controlfield>
  <datafield tag="015" ind1=" " ind2=" ">
   <subfield code="a">22,N32</subfield>
   <subfield code="2">dnb</subfield>
  </datafield>
  <datafield tag="016" ind1="7" ind2=" ">
   <subfield code="a">1264361017</subfield>
   <subfield code="2">DE-101</subfield>
  </datafield>
  <datafield tag="020" ind1=" " ind2=" ">
   <subfield code="a">9783110738872</subfield>
   <subfield code="c"> : EUR 79.95 (DE), EUR 79.95 (AT)</subfield>
   <subfield code="9">978-3-11-073887-2</subfield>
  </datafield>
  <datafield tag="024" ind1="3" ind2=" ">
   <subfield code="a">9783110738872</subfield>
  </datafield>
  <datafield tag="035" ind1=" " ind2=" ">
   <subfield code="a">(DE-627)1814146520</subfield>
  </datafield>
  <datafield tag="035" ind1=" " ind2=" ">
   <subfield code="a">(DE-599)DNB1264361017</subfield>
  </datafield>
  <datafield tag="035" ind1=" " ind2=" ">
   <subfield code="a">(OCoLC)1374278153$fpdf</subfield>
  </datafield>
  <datafield tag="040" ind1=" " ind2=" ">
   <subfield code="a">DE-627</subfield>
   <subfield code="b">ger</subfield>
   <subfield code="c">DE-627</subfield>
   <subfield code="e">rda</subfield>
  </datafield>
  <datafield tag="041" ind1=" " ind2=" ">
   <subfield code="a">ger</subfield>
  </datafield>
  <datafield tag="044" ind1=" " ind2=" ">
   <subfield code="c">XA-DE-BE</subfield>
  </datafield>
  <datafield tag="072" ind1=" " ind2="7">
   <subfield code="a">ART006000</subfield>
   <subfield code="2">bisacsh</subfield>
  </datafield>
  <datafield tag="082" ind1="0" ind2=" ">
   <subfield code="a">701</subfield>
   <subfield code="q">DE-101</subfield>
   <subfield code="2">23/ger</subfield>
  </datafield>
  <datafield tag="082" ind1="0" ind2="4">
   <subfield code="a">700</subfield>
   <subfield code="a">060</subfield>
   <subfield code="q">DE-101</subfield>
  </datafield>
  <datafield tag="084" ind1=" " ind2=" ">
   <subfield code="a">KUNST</subfield>
   <subfield code="q">DE-16</subfield>
   <subfield code="2">fid</subfield>
  </datafield>
  <datafield tag="084" ind1=" " ind2=" ">
   <subfield code="a">AK 87250</subfield>
   <subfield code="2">rvk</subfield>
   <subfield code="0">(DE-625)rvk/2723:</subfield>
  </datafield>
  <datafield tag="084" ind1=" " ind2=" ">
   <subfield code="a">LH 61050</subfield>
   <subfield code="2">rvk</subfield>
   <subfield code="0">(DE-625)rvk/94204:</subfield>
  </datafield>
  <datafield tag="084" ind1=" " ind2=" ">
   <subfield code="a">20.03</subfield>
   <subfield code="2">bkl</subfield>
  </datafield>
  <datafield tag="245" ind1="0" ind2="0">
   <subfield code="a">Handbuch Werkverzeichnis</subfield>
   <subfield code="b"> = Œuvrekatalog = Catalogue raisonné</subfield>
   <subfield code="c">herausgegeben von Ingrid Pérez de Laborda, Aya Soika und Eva Wiederkehr Sladeczek</subfield>
  </datafield>
  <datafield tag="246" ind1="3" ind2="1">
   <subfield code="a">Œuvrekatalog</subfield>
  </datafield>
  <datafield tag="246" ind1="3" ind2="1">
   <subfield code="a">Catalogue raisonné</subfield>
  </datafield>
  <datafield tag="264" ind1=" " ind2="1">
   <subfield code="a">Berlin</subfield>
   <subfield code="b">De Gruyter</subfield>
   <subfield code="c">[2023]</subfield>
  </datafield>
  <datafield tag="264" ind1=" " ind2="4">
   <subfield code="c">© 2023</subfield>
  </datafield>
  <datafield tag="300" ind1=" " ind2=" ">
   <subfield code="a">390 Seiten</subfield>
   <subfield code="b">Illustrationen</subfield>
   <subfield code="c">24 cm</subfield>
  </datafield>
  <datafield tag="336" ind1=" " ind2=" ">
   <subfield code="a">Text</subfield>
   <subfield code="b">txt</subfield>
   <subfield code="2">rdacontent</subfield>
  </datafield>
  <datafield tag="337" ind1=" " ind2=" ">
   <subfield code="a">ohne Hilfsmittel zu benutzen</subfield>
   <subfield code="b">n</subfield>
   <subfield code="2">rdamedia</subfield>
  </datafield>
  <datafield tag="338" ind1=" " ind2=" ">
   <subfield code="a">Band</subfield>
   <subfield code="b">nc</subfield>
   <subfield code="2">rdacarrier</subfield>
  </datafield>
  <datafield tag="583" ind1="1" ind2=" ">
   <subfield code="a">Archivierung/Langzeitarchivierung gewährleistet</subfield>
   <subfield code="f">FID</subfield>
   <subfield code="x">XA-DE-BW</subfield>
   <subfield code="2">pdager</subfield>
   <subfield code="5">DE-16</subfield>
  </datafield>
  <datafield tag="655" ind1=" " ind2="7">
   <subfield code="a">Aufsatzsammlung</subfield>
   <subfield code="0">(DE-588)4143413-4</subfield>
   <subfield code="0">(DE-627)105605727</subfield>
   <subfield code="0">(DE-576)209726091</subfield>
   <subfield code="2">gnd-content</subfield>
  </datafield>
  <datafield tag="689" ind1="0" ind2="0">
   <subfield code="d">s</subfield>
   <subfield code="0">(DE-588)4189680-4</subfield>
   <subfield code="0">(DE-627)104464909</subfield>
   <subfield code="0">(DE-576)210061456</subfield>
   <subfield code="a">Werkverzeichnis</subfield>
   <subfield code="2">gnd</subfield>
  </datafield>
  <datafield tag="689" ind1="0" ind2="1">
   <subfield code="d">s</subfield>
   <subfield code="0">(DE-588)4120632-0</subfield>
   <subfield code="0">(DE-627)105775118</subfield>
   <subfield code="0">(DE-576)209536748</subfield>
   <subfield code="a">Kunstwissenschaft</subfield>
   <subfield code="2">gnd</subfield>
  </datafield>
  <datafield tag="689" ind1="0" ind2="2">
   <subfield code="d">s</subfield>
   <subfield code="0">(DE-588)4038971-6</subfield>
   <subfield code="0">(DE-627)106230158</subfield>
   <subfield code="0">(DE-576)209032642</subfield>
   <subfield code="a">Methode</subfield>
   <subfield code="2">gnd</subfield>
  </datafield>
  <datafield tag="689" ind1="0" ind2=" ">
   <subfield code="5">DE-101</subfield>
  </datafield>
  <datafield tag="689" ind1="1" ind2="0">
   <subfield code="d">s</subfield>
   <subfield code="0">(DE-588)4189680-4</subfield>
   <subfield code="0">(DE-627)104464909</subfield>
   <subfield code="0">(DE-576)210061456</subfield>
   <subfield code="a">Werkverzeichnis</subfield>
   <subfield code="2">gnd</subfield>
  </datafield>
  <datafield tag="689" ind1="1" ind2=" ">
   <subfield code="5">(DE-627)</subfield>
  </datafield>
  <datafield tag="689" ind1="2" ind2="0">
   <subfield code="d">s</subfield>
   <subfield code="0">(DE-588)4120632-0</subfield>
   <subfield code="0">(DE-627)105775118</subfield>
   <subfield code="0">(DE-576)209536748</subfield>
   <subfield code="a">Kunstwissenschaft</subfield>
   <subfield code="2">gnd</subfield>
  </datafield>
  <datafield tag="689" ind1="2" ind2="1">
   <subfield code="d">s</subfield>
   <subfield code="0">(DE-588)4189680-4</subfield>
   <subfield code="0">(DE-627)104464909</subfield>
   <subfield code="0">(DE-576)210061456</subfield>
   <subfield code="a">Werkverzeichnis</subfield>
   <subfield code="2">gnd</subfield>
  </datafield>
  <datafield tag="689" ind1="2" ind2="2">
   <subfield code="d">s</subfield>
   <subfield code="0">(DE-588)4038971-6</subfield>
   <subfield code="0">(DE-627)106230158</subfield>
   <subfield code="0">(DE-576)209032642</subfield>
   <subfield code="a">Methode</subfield>
   <subfield code="2">gnd</subfield>
  </datafield>
  <datafield tag="689" ind1="2" ind2=" ">
   <subfield code="5">(DE-627)</subfield>
  </datafield>
  <datafield tag="700" ind1="1" ind2=" ">
   <subfield code="a">Pérez de Laborda, Ingrid</subfield>
   <subfield code="d">1975-</subfield>
   <subfield code="e">HerausgeberIn</subfield>
   <subfield code="0">(DE-588)1235232328</subfield>
   <subfield code="0">(DE-627)1760300071</subfield>
   <subfield code="4">edt</subfield>
  </datafield>
  <datafield tag="700" ind1="1" ind2=" ">
   <subfield code="a">Soika, Aya</subfield>
   <subfield code="d">1975-</subfield>
   <subfield code="e">HerausgeberIn</subfield>
   <subfield code="0">(DE-588)132848414</subfield>
   <subfield code="0">(DE-627)623796031</subfield>
   <subfield code="0">(DE-576)321667565</subfield>
   <subfield code="4">edt</subfield>
  </datafield>
  <datafield tag="700" ind1="1" ind2=" ">
   <subfield code="a">Wiederkehr Sladeczek, Eva</subfield>
   <subfield code="d">1957-</subfield>
   <subfield code="e">HerausgeberIn</subfield>
   <subfield code="0">(DE-588)188387641</subfield>
   <subfield code="0">(DE-627)699316200</subfield>
   <subfield code="0">(DE-576)135259371</subfield>
   <subfield code="4">edt</subfield>
  </datafield>
  <datafield tag="710" ind1="2" ind2=" ">
   <subfield code="a">Walter de Gruyter GmbH &amp; Co. KG</subfield>
   <subfield code="e">Verlag</subfield>
   <subfield code="0">(DE-588)10095502-2</subfield>
   <subfield code="0">(DE-627)478082134</subfield>
   <subfield code="0">(DE-576)200141279</subfield>
   <subfield code="4">pbl</subfield>
  </datafield>
  <datafield tag="776" ind1="1" ind2=" ">
   <subfield code="z">9783110734492</subfield>
   <subfield code="c">(PDF)</subfield>
  </datafield>
  <datafield tag="776" ind1="0" ind2="8">
   <subfield code="i">Erscheint auch als</subfield>
   <subfield code="n">Online-Ausgabe</subfield>
   <subfield code="t">Handbuch Werkverzeichnis</subfield>
   <subfield code="d">Berlin : De Gruyter, 2023</subfield>
   <subfield code="h">1 Online-Ressource (390 Seiten)</subfield>
   <subfield code="w">(DE-627)1841620319</subfield>
   <subfield code="z">9783110734492</subfield>
  </datafield>
  <datafield tag="787" ind1="0" ind2="8">
   <subfield code="i">Rezensiert in</subfield>
   <subfield code="a">Jooss, Birgit, 1965 - </subfield>
   <subfield code="t">[Rezension von: Ingrid Pérez de Laborda (Hrsg.), Handbuch Werkverzeichnis]</subfield>
   <subfield code="d">2023</subfield>
   <subfield code="w">(DE-627)1860602088</subfield>
  </datafield>
  <datafield tag="787" ind1="0" ind2="8">
   <subfield code="i">Rezensiert in</subfield>
   <subfield code="a">Gohr, Siegfried, 1949 - </subfield>
   <subfield code="t">Identifikation oder kritische Distanz?</subfield>
   <subfield code="d">2023</subfield>
   <subfield code="w">(DE-627)1878776401</subfield>
  </datafield>
  <datafield tag="856" ind1="4" ind2="2">
   <subfield code="u">https://www.degruyter.com/isbn/9783110738872</subfield>
   <subfield code="m">X:MVB</subfield>
   <subfield code="v">2022-08-10</subfield>
   <subfield code="x">Verlag</subfield>
   <subfield code="3">Unbekannt</subfield>
  </datafield>
  <datafield tag="856" ind1="4" ind2="2">
   <subfield code="u">https://d-nb.info/1264361017/04</subfield>
   <subfield code="m">B:DE-101</subfield>
   <subfield code="q">application/pdf</subfield>
   <subfield code="x">Verlag</subfield>
   <subfield code="3">Inhaltsverzeichnis</subfield>
  </datafield>
  <datafield tag="856" ind1="4" ind2="2">
   <subfield code="u">https://swbplus.bsz-bw.de/bsz1814146520rez.htm</subfield>
   <subfield code="m">V:DE-576</subfield>
   <subfield code="m">B:DE-16</subfield>
   <subfield code="v">20240625193039</subfield>
   <subfield code="3">Rezension</subfield>
  </datafield>
  <datafield tag="856" ind1="4" ind2="2">
   <subfield code="u">https://swbplus.bsz-bw.de/bsz1814146520rez-1.htm</subfield>
   <subfield code="m">V:DE-576</subfield>
   <subfield code="m">B:DE-16</subfield>
   <subfield code="v">20240729193044</subfield>
   <subfield code="3">Rezension</subfield>
  </datafield>
  <datafield tag="936" ind1="r" ind2="v">
   <subfield code="a">AK 87250</subfield>
   <subfield code="b">Inventarisation, Dokumentation</subfield>
   <subfield code="k">Allgemeines</subfield>
   <subfield code="k">Museumswesen, Museologie, Museumswissenschaft</subfield>
   <subfield code="k">Bestandspflege</subfield>
   <subfield code="k">Inventarisation, Dokumentation</subfield>
   <subfield code="0">(DE-627)1453692967</subfield>
   <subfield code="0">(DE-625)rvk/2723:</subfield>
   <subfield code="0">(DE-576)383692962</subfield>
  </datafield>
  <datafield tag="936" ind1="r" ind2="v">
   <subfield code="a">LH 61050</subfield>
   <subfield code="b">Methodologie der Kunstgeschichte</subfield>
   <subfield code="k">Kunstgeschichte</subfield>
   <subfield code="k">Allgemeines. Allgemeine Kunstgeschichte</subfield>
   <subfield code="k">Theorie und Praxis der Bildenden Kunst</subfield>
   <subfield code="k">Theorie der Bildenden Kunst</subfield>
   <subfield code="k">Methodologie der Kunstgeschichte</subfield>
   <subfield code="0">(DE-627)1271071916</subfield>
   <subfield code="0">(DE-625)rvk/94204:</subfield>
   <subfield code="0">(DE-576)201071916</subfield>
  </datafield>
  <datafield tag="936" ind1="b" ind2="k">
   <subfield code="a">20.03</subfield>
   <subfield code="j">Methoden und Techniken der Kunstwissenschaften</subfield>
   <subfield code="0">(DE-627)10640637X</subfield>
  </datafield>
  <datafield tag="951" ind1=" " ind2=" ">
   <subfield code="a">BO</subfield>
  </datafield>
  <datafield tag="990" ind1=" " ind2=" ">
   <subfield code="a">Werkverzeichnis</subfield>
  </datafield>
  <datafield tag="990" ind1=" " ind2=" ">
   <subfield code="a">Kunstwissenschaft</subfield>
  </datafield>
  <datafield tag="990" ind1=" " ind2=" ">
   <subfield code="a">Methode</subfield>
  </datafield>
  <datafield tag="990" ind1=" " ind2=" ">
   <subfield code="a">Werkverzeichnis</subfield>
  </datafield>
  <datafield tag="990" ind1=" " ind2=" ">
   <subfield code="a">Kunstwissenschaft</subfield>
  </datafield>
  <datafield tag="990" ind1=" " ind2=" ">
   <subfield code="a">Werkverzeichnis</subfield>
  </datafield>
  <datafield tag="990" ind1=" " ind2=" ">
   <subfield code="a">Methode</subfield>
  </datafield>
  <datafield tag="991" ind1=" " ind2=" ">
   <subfield code="a">Rezensiertes Werk</subfield>
  </datafield>
  <datafield tag="999" ind1=" " ind2=" ">
   <subfield code="a">KXP-PPN1814146520</subfield>
   <subfield code="e">4399272805</subfield>
  </datafield>
 </record>
</collection>
